00580 a2200169 450000100060000002000240000604000370003010000210006724000770008824500750016530000090024036200090024965000230025894200070028195201050028899900170039375703 a8574060178 (broch.) cAnchieta - Colégio São Paulo aAzevedo, Ricardo10aUma velhinha de óculos, chinelos e vestido azul de bolinhas brancas l10aUma velhinha de óculos, chinelos e vestido azul de bolinhas brancas  a[32]0 a2005 4aLiteratura juvenil cBK 00104070a88.1b88.1d2023-11-22l0oLJ 028.5 A994up7471/CSPr2023-11-22 14:33:19w2023-11-22yBK c75703d75703